| 000 | 00521nam a2200157 i 4500 | ||
|---|---|---|---|
| 001 | 60745 | ||
| 003 | ES-MaACL | ||
| 005 | 20230906164309.0 | ||
| 007 | t| | ||
| 008 | 031106s1949 sp ||||1| spa d | ||
| 100 | 1 |
_aEspinosa del Río, José María. _947911 |
|
| 245 | 1 | 0 |
_aNuevo derecho de edificación _b: régimen jurídico de solares, textos y comentarios / _cJosé María Espinosa del Río. |
| 260 |
_aBarcelona : _bBosch, _c[1949] ( _fClarasó) |
||
| 300 |
_a591 p. ; _c22 cm. |
||
| 852 |
_aES-MaACL _jF-5221 _bR.26989 |
||
| 999 |
_c60745 _d60745 |
||